000 00799nam a2200253Ia 4500
003 OSt
005 20220923223311.0
006 a|||||r|||| 00| 0
007 ta
008 220922b |||||||| |||| 00| 0 hin d
024 _a213,160
037 _cTextual
040 _aARTS
_cARTS
_bhin
041 _2hin
_ahin
082 _aO152,3N295x, N4
100 _aसिंह, शिव प्रसाद
245 0 _aदस प्रतिनिधि कहानियां
246 _aDas pratinidhi kahāniyāan
260 _aनई
_bदिल्ली
_c1994
300 _a115पृ.
_ccm.
650 _aहिन्दी साहित्य
_9156264
942 _hO152,3N295x, N4
_cTEXL
_2CC
999 _c363412
_d363412